[Event "E Grand Swiss 2023"]
[Site "Isle of Man"]
[Date "2023.10.25"]
[Round "1"]
[White "Duda, Jan Krzysztof"]
[Black "Idani, Pouya"]
[Result "1-0"]
[WhiteElo "2726"]
[BlackElo "2633"]
[EventDate "2023.??.??"]
[Annotator "rafael"]
[PlyCount "63"]
[Beauty "8246739896391"]
[EventType "game"]
[EventCountry "FID"]
[TimeControl "40/5400+30:1800+30"]

{[%evp 0,63,19,-1,14,14,14,9,31,24,24,22,33,33,33,23,18,23,23,14,26,16,51,51,53,53,53,53,64,67,73,67,69,49,41,27,120,92,131,104,155,123,161,207,207,207,207,207,207,207,218,164,207,171,492,492,492,492,508,514,541,541,541,541,549,560]} 
1.c4 e6 2.Nc3 d5 3.d4 h6 {A curious move that has become popular recently. The idea is to avoid the development of the white bishop to g5.} 4.Nf3 Nf6 5.Bf4 ( 5.g3 Bd6 6.a3 O-O 7.g4 {This almost random sequence was played in an online game between Gukesh and Carlsen. Of course, knowing how to make mysterious moves with pawns is a secret to playing chess well nowadays. Gukesh-Carlsen, Chess.com (blitz) 2022.} ) 5...Bd6 6.Bxd6 Qxd6 7.c5 {Duda played this move quickly, so I assume it's home preparation. It's usually difficult to decide on this pawn advance because we instinctively want to maintain greater control of the center with the pawn on c4. Additionally, White needs to keep an eye on Black's breaks with e6-e5 and b7-b6. I emphasize again the importance of the pawn play, which will be the central positional theme in this game.} ( 7.e3 {is the main move.} ) 7...Qe7 8.e3 O-O 9.b4 {An important moment. Black must choose a plan of action.} 9...c6 ( 9...a6 $5 {[%c_effect a6;square;a6;type;Interesting;persistent;true] is a deep and interesting move. The idea is to develop the knight to c6.} 10.a4 ( 10.Be2 Nc6 $1 {[%c_effect c6;square;c6;type;GreatFind;persistent;true] This is Black's point: the knight now cannot be attacked by b4-b5.} 11.Qb3 {Here Black has several interesting continuations. 11...Rd8, preparing e6-e5; 11...e5, sacrificing the d5-pawn, or 11...b6, opening the queenside, when the queen on b3 might be the subject of an attack after ...Rb8.} ) 10...b6 11.a5 $1 {[%c_effect a5;square;a5;type;GreatFind;persistent;true] Preventing a6-a5.} 11...Nc6 12.axb6 cxb6 13.b5 Na5 14.Rxa5 $1 {[%c_effect a5;square;a5;type;GreatFind;persistent;true]} 14...bxa5 15.b6 Nd7 16.Be2 Nxc5 $1 {[%c_effect c5;square;c5;type;GreatFind;persistent;true]} 17.dxc5 Qxc5 18.Qd4 Qxd4 19.exd4 Rb8 {This was Lokander-Van Foreest, Germany 2022. Both sides played with accuracy and imagination. Black later went on to win the endgame, although the computer evaluates the position as equal.} ) ( 9...b6 {is a natural choice, followed by a7-a5. This can also be played on the next move.} ) 10.Be2 a6 $5 {[%c_effect a6;square;a6;type;Interesting;persistent;true] Black simply wants to put the knight on d5 and then play e5-e4 and attack the kingside.} ( 10...b6 {is a standard, although passive, plan.} 11.O-O a5 12.a3 Ba6 {White has a small advantage in a position typical of the Queen's Gambit Declined.} ) ( 10...Nbd7 11.b5 $1 {[%c_effect b5;square;b5;type;GreatFind;persistent;true] This gives White extra chances since the queen can use the a4-square.} ) 11.O-O Nbd7 12.a4 e5 13.Qc2 ( 13.b5 {is a little rushed.} 13...exd4 14.exd4 Ne4 $1 {[%c_effect e4;square;e4;type;GreatFind;persistent;true] with counterplay, in Narayanan-Ghosh, Dhaka 2022.} ) 13...e4 14.Nd2 Nh7 15.b5 f5 {This natural move turns out to be a novelty.} ( 15...Qh4 $2 {[%c_effect h4;square;h4;type;Mistake;persistent;true] It's not clear what the queen is doing here.} 16.bxc6 bxc6 17.f3 {with a clear advantage for White in Beydullayeva-Basso, Novi Sad 2022.} ) 16.Nb3 {The knight is ready to go to a5. The position is complex and it's not clear that this is the best plan.} ( 16.bxc6 bxc6 17.a5 {is possible, when White can play Na4-b6, or Qa4, attacking the c6-pawn. The question is who is going to be faster, White on the queenside or Black on the kingside.} ) 16...a5 {Idani, for now, takes the a5-square from the knight.} ( 16...Qd8 {is possible, but it's difficult to retreat the queen like this.} ) ( 16...Ndf6 $1 {[%c_effect f6;square;f6;type;GreatFind;persistent;true] is the best move. Black has adequate counterplay. The knight on a5 is not as dangerous as it looks.} ) 17.Qd2 $1 {[%c_effect d2;square;d2;type;GreatFind;persistent;true] Duda's intentions become clear on the next move.} 17...g5 $2 {[%c_effect g5;square;g5;type;Mistake;persistent;true] This is too optimistic. Black needed a more subtle move.} ( 17...Ndf6 {is best. Now the knight sacrifice is no good.} 18.f4 {White needs to gains some space on the kingside.} ( 18.Na2 $2 {[%c_effect a2;square;a2;type;Mistake;persistent;true] The primitive attack against the a5-pawn is too slow.} 18...Ng4 $1 {[%c_effect g4;square;g4;type;GreatFind;persistent;true] The attack is already decisive, for instance:} 19.h3 Ng5 $1 {[%c_effect g5;square;g5;type;GreatFind;persistent;true]} 20.hxg4 fxg4 {Followed by a sacrifice on f3.} ) 18...exf3 19.Bxf3 Ng5 $13 ) 18.Nxa5 $1 {[%c_effect a5;square;a5;type;GreatFind;persistent;true] Duda thought for more or less 15 minutes before executing this excellent move.} 18...Rxa5 19.Nxd5 cxd5 ( 19...Qd8 {doesn't help:} 20.Ne7+ $1 {[%c_effect e7;square;e7;type;GreatFind;persistent;true]} 20...Qxe7 21.Bc4+ Kh8 22.Qxa5 Ndf6 23.Qb6 {with a position similar to the game.} ) 20.Qxa5 Ndf6 21.Qb6 {There are alternatives, but Duda's plan is good and straightforward. He prepares to advance the a-pawn and the queen can help in defense, if needed, with Qb6-d6.} 21...f4 22.a5 ( 22.Qd6 {is also good.} ) 22...f3 23.gxf3 Bh3 {Idani desperately tries to create attacking chances, but the a-pawn is too fast.} 24.a6 $1 {[%c_effect a6;square;a6;type;GreatFind;persistent;true]} 24...exf3 25.Bxf3 bxa6 26.bxa6 {The natural human reaction. The pawn is two steps from paradise.} ( 26.Rxa6 {is a computer suggestion.} 26...Bxf1 27.Kxf1 g4 28.Ra7 Qe8 29.Qb7 $1 {[%c_effect b7;square;b7;type;GreatFind;persistent;true]} 29...Qg6 30.Bxd5+ Kh8 {With the engine on we can see that White is winning, but during the game I'd still be afraid of the queen and two knights looking at my king.} ) 26...g4 ( 26...Bxf1 27.a7 $1 {[%c_effect a7;square;a7;type;GreatFind;persistent;true]} 27...Bh3 28.a8=Q Rxa8 29.Rxa8+ Nf8 30.c6 {The c-pawn is decisive.} ) ( 26...Qd7 {is the best practical chance.} 27.Qd6 {This is probably the simplest, but there are other good moves.} ( 27.a7 $2 {[%c_effect a7;square;a7;type;Mistake;persistent;true] But not this one, since after} 27...Qf5 {Black has serious threats.} ) 27...Qf5 ( 27...Qxd6 28.cxd6 Bxf1 29.Kxf1 Ra8 30.a7 {with a winning endgame.} ) 28.Be2 {White is able to defend the king.} ) 27.Qb7 $1 {[%c_effect b7;square;b7;type;GreatFind;persistent;true]} 27...Qe6 ( 27...Qxb7 28.axb7 gxf3 29.Ra8 {The b-pawn promotes.} ) 28.Bh1 $1 {[%c_effect h1;square;h1;type;GreatFind;persistent;true]} 28...Ng5 ( 28...Bxf1 29.a7 {wins.} ) 29.a7 Nf3+ 30.Bxf3 gxf3 31.Qb8 $1 {[%c_effect b8;square;b8;type;GreatFind;persistent;true] The only winning move.} ( 31.Qc7 $2 {[%c_effect c7;square;c7;type;Mistake;persistent;true] is no good:} 31...Ne4 $1 {[%c_effect e4;square;e4;type;GreatFind;persistent;true]} ) 31...Bxf1 32.a8=Q 1-0

[Event "Masters"]
[Site "Lusail, Qatar"]
[Date "2023.10.13"]
[Round "3.4"]
[White "Rasulov, Vugar Ural Oglu"]
[Black "Erigaisi, Arjun"]
[Result "0-1"]
[WhiteElo "2560"]
[BlackElo "2712"]
[EventDate "2023.??.??"]
[Annotator "Bojkov,Dejan"]
[PlyCount "80"]
[Beauty "7629896161809"]
[EventType "team-tourn"]
[EventCountry "QAT"]
[WhiteTeam "Azerbaijan"]
[BlackTeam "India"]
[WhiteTeamCountry "AZE"]
[BlackTeamCountry "IND"]

{[%evp 0,80,19,29,40,54,37,36,25,40,29,32,88,88,88,87,70,73,83,61,62,52,48,44,53,21,67,60,66,11,10,-6,10,10,-4,13,21,6,37,32,46,22,0,-9,26,10,-9,-9,-9,-67,-50,-48,-13,-67,-35,-31,-31,-98,-98,-98,-94,-78,-101,-73,-105,-105,-105,-105,-95,-95,-111,-113,-88,-115,-91,-238,-238,-447,-441,-454,-454,-452,-457]} 
1.e4 c5 2.Nf3 e6 3.d4 cxd4 4.Nxd4 Nc6 5.Nc3 Qc7 6.Be3 a6 7.Be2 Nf6 8.O-O Be7 9.f4 d6 {The Scheveningen has not been a common guest at the top level of late. Perhaps it's time for a change $2} 10.Qe1 Bd7 11.Qg3 O-O {Arjun does not hesitate and transposes into the main line.} ( {With the move order chosen Black might also have opted for} 11...g6 ) 12.Rae1 b5 13.a3 Rab8 {Played after some thought.} ( {Another way to play it was} 13...Nxd4 14.Bxd4 Bc6 ) 14.Bd3 {Rasulov continues to improve his positon. The white bishop is often ideally positioned on the b1-d3 diagonal.} ( {But the principled continuation was} 14.e5 {with the idea to meet} 14...dxe5 {with} ( 14...Ne8 $5 {[%c_effect e8;square;e8;type;Interesting;persistent;true]} ) 15.fxe5 Nxe5 {And now not the timid} ( 15...Ne8 $5 {[%c_effect e8;square;e8;type;Interesting;persistent;true]} ) 16.Kh1 ( {but the aggressive} 16.Bh6 $1 {[%c_effect h6;square;h6;type;GreatFind;persistent;true]} 16...Ne8 17.Bf4 f6 18.Ne4 {with an interesting attack and full compensation for the pawn for White.} ) 16...Rbc8 ( 16...Bd6 $1 {[%c_effect d6;square;d6;type;GreatFind;persistent;true]} ) 17.Bf4 Bd6 18.Bxb5 Nh5 19.Qe3 Nxf4 20.Qxf4 Nc4 21.Qh4 axb5 {and Black won later in Bindrich,O (2173) -Vernay,C (2442) Caleta 2010} ) 14...b4 15.axb4 ( {Black did not experience any problems in the recent top-GM game after:} 15.Nce2 bxa3 16.bxa3 d5 17.e5 Ne4 18.Qh3 Nxd4 19.Nxd4 Bxa3 20.Bxa6 Bb4 $1 {[%c_effect b4;square;b4;type;GreatFind;persistent;true]} 21.Rd1 Bc5 22.Bd3 Rb4 {Caruana,F (2786)-Mamedyarov,S (2734) Chess.com INT 2023} ) 15...Rxb4 $146 {A logical and strong move. And a novelty.} ( {The predecessor saw White apply pressure after:} 15...Nxb4 16.e5 Nh5 17.Qh3 Nxd3 18.cxd3 g6 19.Rc1 Qd8 20.Ne4 Rxb2 21.exd6 Bf6 22.Nxf6+ Nxf6 23.Nc6 Bxc6 24.Rxc6 Nd5 25.Bd4 {Gazik,I (2435)-Orsag,M (2415) Czechoslovakia 1992} ) 16.Nb3 a5 {This pawn might be a weakness or a strength in the Scheveningen. It all depends on whether it threatens to go forward or stands still, waiting to be captured.} 17.Ra1 Rfb8 ( {After} 17...Ra8 {White is in time to parry the threat with} 18.Ra3 a4 19.Rfa1 ) 18.Qf3 ( 18.Kh1 $5 {[%c_effect h1;square;h1;type;Interesting;persistent;true]} ) 18...g6 $1 {[%c_effect g6;square;g6;type;GreatFind;persistent;true] A nice maneuver $1 Arjun is ready to fianchetto his dark-squared bishop, but his knight might also enjoy the h5-square.} 19.Kh1 {White has to watch out for the central breaks.} ( {As in the line} 19.Ra3 d5 20.e5 Nh5 ) 19...Bf8 20.Bg1 $1 {[%c_effect g1;square;g1;type;GreatFind;persistent;true] An important prophylactic move.} ( {The immediate attack of the a5-pawn with} 20.Ra3 {is tempting, but it will once again backfire due to} 20...d5 $1 {[%c_effect d5;square;d5;type;GreatFind;persistent;true]} 21.e5 ( {Or} 21.exd5 exd5 22.Nxd5 Nxd5 23.Qxd5 Be6 {when Black's initiative is too strong.} ) 21...Nh5 {with the threat of d5-d4.} ( {Or maybe even better, the immediate} 21...d4 22.exf6 dxe3 23.Qxe3 Qd8 24.Ne4 a4 25.Nbc5 Nd4 {when Black once again has more than enough compensation thanks to his full control of the dark squares.} ) ) 20...Bg7 21.Ra3 Bf8 22.Raa1 {After some thought, Rasulov decided to test his opponent's intentions.} 22...Bg7 23.Ra3 e5 $3 {[%c_effect e5;square;e5;type;Brilliant;persistent;true] And Arjun chose to play for the win $1 The move in the game is a typical fight for the center, but here it's connected to an interesting positional exchange sacrifice.} 24.Be3 {A concession.} ( {To start with} 24.f5 $6 {[%c_effect f5;square;f5;type;Inaccuracy;persistent;true] is wrong due to} 24...gxf5 $1 {[%c_effect f5;square;f5;type;GreatFind;keyPressed;undefined;persistent;true]} 25.exf5 a4 26.Nd2 Ne7 {when the black center is ready to roll.} ) ( {The principled line was} 24.Na2 $1 {[%c_effect a2;square;a2;type;GreatFind;persistent;true] when after} 24...R4b7 25.Ba6 {the rook is trapped. This apparently did not worry the second player as he has} 25...Rb6 $1 {[%c_effect b6;square;b6;type;GreatFind;persistent;true] winnng the more important of the white bishops, and after} 26.Bxb6 Qxb6 27.Bd3 exf4 28.Qxf4 Ne5 {Black's compensation for the exchnage would have been obvious. Still, this would have been White's best chance.} ) 24...a4 $1 {[%c_effect a4;square;a4;type;GreatFind;persistent;true] Energetic play $1 It is also a small tacticthat helps Black establish firm control of the center.} 25.Nd2 ( {Naturally not} 25.Rxa4 $2 {[%c_effect a4;square;a4;type;Mistake;keyPressed;undefined;persistent;true]} 25...Rxa4 26.Nxa4 Nd4 ) ( {Whereas} 25.Nxa4 {would have promised Black the same old dark-squared domination/compensation after} 25...Nd4 26.Bxd4 exd4 27.Rfa1 Ng4 ) 25...exf4 26.Bxf4 Nd4 27.Qf2 Ne6 $1 {[%c_effect e6;square;e6;type;GreatFind;persistent;true] The point behind Arun's play. He is once again pressing for full control over the dark squares.} 28.Bh6 $6 {[%c_effect h6;square;h6;type;Inaccuracy;persistent;true] And after this, Black succeeds.} ( {It made sense to keep the bishop alive with either} 28.Bg3 {when} 28...Bc6 29.h3 Nh5 30.Bh2 {still leads to problems after} 30...Be5 ( {Or even better, the in-between} 30...Bd4 $1 {[%c_effect d4;square;d4;type;GreatFind;persistent;true]} 31.Qe1 Be5 ) ) ( {Black would definitely have been more active in case of} 28.Be3 Bc6 29.Qf3 Nc5 ) 28...Bxh6 29.Qxf6 Bc6 30.Nc4 Bg7 31.Qf2 Nc5 {In comparison to the exchange sacrifice above, Black has all the dark squares now for free.} 32.Qf4 Rd8 {Arjun maneuvers, as he knows that his bishops will only get stronger with the time.} ( {And if he wishes, Black can even afford to sacrifice a bit of material with} 32...Qe7 $5 {[%c_effect e7;square;e7;type;Interesting;persistent;true]} 33.Nxd6 Be5 34.Qxf7+ Qxf7 35.Nxf7 Bg7 {with a clear edge for Black, despite the two-pawn deficit.} ) 33.h3 Qe7 34.Na5 Ba8 35.Bc4 Ne6 36.Qd2 Rxb2 37.Nxa4 {A blunder $1} ( {The other capture was needed} 37.Rxa4 {when Black can preserve an edge with either} 37...Rc8 $5 {[%c_effect c8;square;c8;type;Interesting;persistent;true]} ( {Or} 37...Qg5 $5 {[%c_effect g5;square;g5;type;Interesting;persistent;true]} ) ) 37...d5 $1 {[%c_effect d5;square;d5;type;GreatFind;persistent;true] This strike again $1} 38.Rd3 ( {Or} 38.Nxb2 Bxb2 ( {Or} 38...Qxa3 39.exd5 Bxb2 {with a win.} ) ) 38...dxc4 39.Rxd8+ Nxd8 40.Nxb2 c3 0-1